Monster Hunter Rise: Large Monsters - Statistics

General Stats
  • This quiz has been taken 170 times
  • The average score is 31 of 45
Answer Stats
Hint Answer % Correct
⭐⭐⭐⭐⭐⭐⭐ Magnamalo
93%
⭐⭐⭐⭐⭐⭐ Rathalos
90%
⭐⭐⭐⭐ Rathian
90%
Great Izuchi
82%
⭐⭐⭐⭐⭐⭐⭐ Diablos
80%
⭐⭐⭐⭐⭐⭐⭐⭐⭐⭐ Thunder Serpent Narwa
80%
⭐⭐⭐⭐⭐⭐⭐⭐⭐ Wind Serpent Ibushi
80%
⭐⭐⭐⭐⭐⭐ Zinogre
80%
Great Baggi
76%
⭐⭐⭐⭐⭐⭐ Mizutsune
76%
Arzuros
75%
⭐⭐⭐⭐⭐⭐⭐⭐ Kushala Daora
75%
⭐⭐⭐⭐⭐⭐⭐⭐ Teostra
75%
⭐⭐ Great Wroggi
74%
⭐⭐⭐⭐⭐⭐⭐⭐ Rajang
74%
⭐⭐ Aknosom
73%
⭐⭐⭐⭐⭐⭐⭐ Almudron
73%
⭐⭐⭐ Barroth
73%
⭐⭐⭐⭐⭐⭐⭐⭐ Chameleos
72%
⭐⭐⭐⭐⭐⭐ Nargacuga
71%
⭐⭐⭐⭐⭐ Barioth
69%
⭐⭐⭐⭐⭐⭐⭐ Rakna-Kadaki
69%
⭐⭐⭐⭐⭐⭐⭐ Tigrex
69%
⭐⭐⭐⭐⭐⭐ Anjanath
66%
Lagombi
66%
⭐⭐ Tetranadon
66%
⭐⭐⭐⭐⭐ Somnacanth
65%
⭐⭐⭐⭐⭐⭐⭐⭐⭐ Apex Rathalos
63%
⭐⭐ Khezu
63%
⭐⭐⭐⭐⭐⭐⭐⭐ Apex Rathian
61%
⭐⭐⭐⭐ Pukei-Pukei
61%
⭐⭐⭐⭐⭐⭐⭐⭐ Apex Arzuros
60%
⭐⭐⭐ Basarios
60%
⭐⭐⭐⭐⭐⭐⭐ Goss Harag
60%
⭐⭐⭐⭐ Tobi-Kadachi
60%
⭐⭐ Kulu-Ya-Ku
58%
⭐⭐⭐⭐⭐⭐⭐⭐⭐⭐ Apex Diablos
57%
⭐⭐⭐⭐ Bishaten
57%
⭐⭐⭐⭐⭐⭐⭐⭐⭐⭐ Crimson Glow Valstrax
55%
⭐⭐⭐⭐ Volvidon
55%
⭐⭐⭐⭐⭐⭐⭐⭐⭐ Apex Mizutsune
54%
⭐⭐⭐⭐⭐⭐⭐⭐⭐⭐ Apex Zinogre
54%
⭐⭐⭐⭐⭐⭐⭐⭐ Bazelgeuse
54%
⭐⭐⭐⭐ Jyuratodus
47%
⭐⭐⭐ Royal Ludroth
43%
No matching quizzes found
Score Distribution
Percent of People with Each Score
Percentile by Number Answered
Your Score History
You have not taken this quiz